000 00594nam a2200133 a 4500
008 120416s1985 ||||||||||||||||| || u
050 _aGB 1001.72.S3 Wat
100 _aFrank, F
245 1 0 _aWater sampling and chemical analysis for underground water investigations
_ctranslated from the German editions by F. Frank
260 _aHamburg
_bVerlag Paul Parey
_c1985
300 _a[vii], 84p. : ill.
350 _a0.00
995 _D0.00
_FCBU-MAIN LIBRARY (Kitwe)
_H1
_I85.00
_M1
_UAVAILABLE
_WFeb 22, 2007
_ZMain Library Open Access Collection
999 _c61499
_d61499